00629nam a2200157 a 4500001001000000003000900010005001700019007000300036008004100039040002500080082001900105100003100124245010400155260017700259300003500436000036235DO-SdBNP20230209095840.0ta120111s1983 pr ac 000 0 spa d aDO-SdBNPbspacBNPHU axxxbC719i2221 aColón Jiménez, Elvira.10aIndice bibliografico, arte :brevista Puerto Rico ilustrado, 1910-1920 /cElvira Colón Jiménez. aSan Juan, Puerto Rico :bSociedad Amigos del Museo de la Universidad de Puerto Rico en colaboración con el Centro de Estudios Avanzados de Puerto Rico y el Caribe,c1983. a85 p. :bil., retrs. ;c23 cm.